| 000 | 00997nas a2200301 4500 | ||
|---|---|---|---|
| 001 | BR2011000306 | ||
| 003 | BR-BrBNA | ||
| 005 | 20231205114838.0 | ||
| 007 | ta | ||
| 008 | 230509b bl.|||p| |||| 00| 00por d | ||
| 040 |
_aBR-BrBNA _bpor _cBiblioteca Nacional de Agricultura |
||
| 041 | _a(Pt) | ||
| 072 | _aF60; Q52 | ||
| 100 | 1 | _aBalieiro Neto, G. | |
| 100 | 1 | _aFerrari Junior, E. | |
| 100 | 1 | _aNogueira, J.R. | |
| 100 | 1 | _aPossenti, R. | |
| 100 | 1 | _aPaulino, V.T. | |
| 100 | 1 | _aBueno, M.S. | |
| 245 | 1 | _aPerdas fermentativas, composição química, estabilidade aeróbia e digestibilidade aparente de silagem de cana-de-açúcar com aditivos químico e microbiano | |
| 650 | _aCANA DE AÇÚCAR | ||
| 650 | _aSILAGEM | ||
| 650 | _aVALOR NUTRITIVO | ||
| 650 | _aCOMPOSIÇÃO QUÍMICA | ||
| 773 | 0 |
_tPesquisa Agropecuária Brasileira (Brazil) _xISSN 0100-204X _g(Jun 2009), v. 44(6) p. 631-637 _wBR2011000306 |
|
| 909 |
_a202311 _bLúcia _c55 _dLúcia Elande |
||
| 942 |
_2AGRIS _n0 _cANA |
||
| 999 |
_c210795 _d210795 |
||